Phân tích hiệu quả kỹ thuật sản xuất tôm sú công nghiệp ở tỉnh Cà Mau : Luận văn thạc sĩ. Chuyên ngành: Kinh tế nông nghiệp
Phân tích hiệu quả sản xuất và kỹ thuật của mô hình nuôi tôm sú công nghiệp ở tỉnh Cà Mau và nhằm đề ra giải pháp nâng cao hiệu quả sản xuất tôm công nghiệp cho nông hộ nuôi tôm sú công nghiệp ở tỉnh Cà Mau....
में बचाया:
| मुख्य लेखक: | |
|---|---|
| स्वरूप: | पुस्तक |
| भाषा: | Undetermined |
| प्रकाशित: |
Cần Thơ
Đại học Cần Thơ
2013
|
| विषय: | |
| टैग : |
टैग जोड़ें
कोई टैग नहीं, इस रिकॉर्ड को टैग करने वाले पहले व्यक्ति बनें!
|
| Thư viện lưu trữ: | Trung tâm Học liệu Trường Đại học Cần Thơ |
|---|
| LEADER | 01122nam a2200217Ia 4500 | ||
|---|---|---|---|
| 001 | CTU_181869 | ||
| 008 | 210402s9999 xx 000 0 und d | ||
| 082 | |a 658.5 | ||
| 082 | |b L312 | ||
| 088 | |a 60620115 | ||
| 100 | |a Lê, Khánh Linh | ||
| 245 | 0 | |a Phân tích hiệu quả kỹ thuật sản xuất tôm sú công nghiệp ở tỉnh Cà Mau : | |
| 245 | 0 | |b Luận văn thạc sĩ. Chuyên ngành: Kinh tế nông nghiệp | |
| 245 | 0 | |c Lê Khanh Linh ; Lê Tấn Nghiêm (người hướng dẫn) | |
| 260 | |a Cần Thơ | ||
| 260 | |b Đại học Cần Thơ | ||
| 260 | |c 2013 | ||
| 520 | |a Phân tích hiệu quả sản xuất và kỹ thuật của mô hình nuôi tôm sú công nghiệp ở tỉnh Cà Mau và nhằm đề ra giải pháp nâng cao hiệu quả sản xuất tôm công nghiệp cho nông hộ nuôi tôm sú công nghiệp ở tỉnh Cà Mau. | ||
| 650 | |a Quản lý sản xuất,Production management | ||
| 904 | |i Huỳnh Nga | ||
| 980 | |a Trung tâm Học liệu Trường Đại học Cần Thơ | ||